Countries by Fossil Formations - Statistics

General Stats
  • This quiz has been taken 53 times
  • The average score is 9 of 20
Answer Stats
Hint Answer % Correct
Yixian Formation China
84%
Candeleros Formation Argentina
68%
Romualdo Formation Brazil
63%
Solnhofen Limestone Germany
63%
Morrison Formation United States
63%
Nemegt Formation Mongolia
53%
Lourinha Formation Portugal
53%
Karoo Basin South Africa
53%
Scollard Formation Canada
47%
Kem Kem Beds Morocco
47%
Mackunda Formation Australia
42%
Cerrejon Formation Colombia
42%
Pisco Formation Peru
42%
Tendaguru Beds Tanzania
42%
Maevarano Formation Madagascar
37%
Lameta Formation India
32%
Chitarwata Formation Pakistan
32%
Lias Group United Kingdom
32%
Bahariya Formation Egypt
26%
Urduchukan Formation Russia
26%
No matching quizzes found
Score Distribution
Percent of People with Each Score
Percentile by Number Answered
Your Score History
You have not taken this quiz